00275nam a2200097Ia 4500008004100000082001700041100002600058245006000084260002400144300000900168210430s9999 xx 000 0 und d a662.2 B152 E aA .Bailey, S G Murray aExplosives, Propellants & Pyrotechnics V-2 /cA .Bailey aUKbBrassey sc1989 a187P